Idea exchange : (Record no. 54550)

MARC details
000 -LEADER
fixed length control field 02047nam a22002897a 4500
005 - DATE AND TIME OF LATEST TRANSACTION
control field 2011072906536.0
020 ## - INTERNATIONAL STANDARD BOOK NUMBER
International Standard Book Number 9780670084890
Terms of availability 699.00
035 ## - SYSTEM CONTROL NUMBER
System control number B-428314-320
037 ## - SOURCE OF ACQUISITION
Source of stock number/acquisition Allied/DE2010/CR/2777/16.3.11/280/4.3.11/30.3.11
082 ## - DEWEY DECIMAL CLASSIFICATION NUMBER
Classification number 080
245 00 - TITLE STATEMENT
Title Idea exchange :
Remainder of title opinion makers, critical issues, interesting times /
Statement of responsibility, etc edited by Uma Vishnu.
260 ## - PUBLICATION, DISTRIBUTION, ETC. (IMPRINT)
Place of publication, distribution, etc New Delhi :
Name of publisher, distributor, etc Express Group :
-- Penguin Viking,
Date of publication, distribution, etc 2010.
300 ## - PHYSICAL DESCRIPTION
Extent viii, 302 p. :
Other physical details ill. ;
Dimensions 23 cm. (Hb)
520 ## - SUMMARY, ETC.
Summary, etc Interviews with Indian personalities from all walks of life covered in Idea exchange column of Indian Express.
700 1# - ADDED ENTRY--PERSONAL NAME
Personal name Vishnu, Uma.
9 (RLIN) 30454
730 02 - ADDED ENTRY--UNIFORM TITLE
Uniform title Indian express (Delhi, India)
9 (RLIN) 30455
942 ## - ADDED ENTRY ELEMENTS (KOHA)
Source of classification or shelving scheme Dewey Decimal Classification
Item type English Books
Call number suffix IDE
Classification part 080
Holdings
Withdrawn status Lost status Not for loan Collection code Home library Current library Date acquired Source of acquisition Cost, normal purchase price Full call number Barcode Copy number Cost, replacement price Koha item type
      Non-fiction Bawana Bawana 09/08/2011 Allied/DE2010/CR/2777/16.3.11/280/4.3.11/30.3.11 699.00 080 IDE B-428319 1 699.00 English Books
      Non-fiction Central Library Central Library 09/08/2011 Allied/DE2010/CR/2777/16.3.11/280/4.3.11/30.3.11 699.00 080 IDE B-428314 1 699.00 English Books
      Non-fiction Janak Puri Janak Puri 09/08/2011 Allied/DE2010/CR/2777/16.3.11/280/4.3.11/30.3.11 699.00 080 IDE B-428316 1 699.00 English Books
      Non-fiction Patel Nagar Patel Nagar 09/08/2011 Allied/DE2010/CR/2777/16.3.11/280/4.3.11/30.3.11 699.00 080 IDE B-428315 1 699.00 English Books
      Non-fiction Sarojini Nagar Sarojini Nagar 09/08/2011 Allied/DE2010/CR/2777/16.3.11/280/4.3.11/30.3.11 699.00 080 IDE B-428317 1 699.00 English Books
  Written-off vide DLB M. No. 383 dt 16.05.19   Non-fiction Shahdara Branch Shahdara Branch 09/08/2011 Allied/DE2010/CR/2777/16.3.11/280/4.3.11/30.3.11 699.00 080 IDE B-428320 1 699.00 English Books
      Non-fiction Vinoba Puri Vinoba Puri 09/08/2011 Allied/DE2010/CR/2777/16.3.11/280/4.3.11/30.3.11 699.00 080 IDE B-428318 1 699.00 English Books

© Delhi Public Library
Hit Counter
free hit counter